000 00248nam a2200097Ia 4500
082 _a786.91923 WARI
245 0 _aMaking drums
100 _a WARING, Dennis Winnipeg, 2003
_991566
942 _cBK
008 210817s9999 xx 000 0 und d
999 _c371507
_d371506